000 00740nam a2200205Ii 4500
003 JO-AjNU
008 230605s9999||||xx |||||||||||||| ||und||
040 _aJO-AjNU
_bara
_erda
_cJO-AjNU
041 _aara
050 1 4 _aD 16 .2 .B3658 1980
100 3 _aتاليف باقر، طه، حميد، عبد العزيز م.مشارك,
_eauthor
_97001
245 0 0 _aطرق البحث العلمي في التاريخ والاثار
250 _aط1
264 3 1 _aبغداد: وزارة التعليم العالي والبحث العلمي، 1980
300 _a203ص
336 _atext
_btxt
_2rdacontent
337 _aunmediated
_bn
_2rdamedia
338 _avolume
_bnc
_2rdacarrier
650 4 _aآثار -- بحث. تاريخ--بحث
_97002
999 _aA58
_c3626
_d3626